000 00532nas a2200193 a 4500
001 46787
003 BD-RjUL
005 20211209054214.0
008 160804s1951 nyu n i 0 |eng
035 _a(BD-RjUL)46906
040 _cBD-RjUL
_dBD-RjUL
_beng
_aBD-RjUL
041 _aeng
082 0 _a349.73
_223
_bANN 1951
245 0 0 _a1950 Annual survey of American law /
260 _aNew York :
_bPrentice-Hall, Inc.,
_c1951,
300 _a915p. ;
_c23 cm.
650 0 _aLaw
_zUnited States
_vPeriodicals.
_9142561
942 _2ddc
_cBK
999 _c46787
_d46787